书目信息 |
| 题名: |
做好自己的本职工作
|
|
| 作者: | 齐欣 著 | |
| 分册: | ||
| 出版信息: | 北京 中国言实出版社 2015 |
|
| 页数: | 238页 | |
| 开本: | 24cm | |
| 丛书名: | ||
| 单 册: | ||
| 中图分类: | F272.921 | |
| 科图分类: | ||
| 主题词: | 企业--职工--职业道德 | |
| 电子资源: | ||
| ISBN: | 978-7-5171-1223-5 | |
| 000 | 00799nam0 2200241 450 | |
| 001 | 012001000293 | |
| 005 | 20140920091301.0 | |
| 010 | @a978-7-5171-1223-5@dCNY36.80 | |
| 100 | @a20151126d2015 em y0chiy50 ea | |
| 101 | 0 | @achi |
| 102 | @aCN@b110000 | |
| 105 | @ay z 000yy | |
| 106 | @ar | |
| 200 | 1 | @a做好自己的本职工作@9Zuo Hao Zi Ji De Ben Zhi Gong Zuo@dDo their own work@f齐欣著@zeng |
| 210 | @a北京@c中国言实出版社@d2015 | |
| 215 | @a238页@d24cm | |
| 330 | @a本书阐述了做好本职工作,就是从现在做起,从自己做起。主要内容包括:把职业当做事业、构建自己的职业使命、为工作而努力等。 | |
| 510 | 1 | @aDo their own work@zeng |
| 606 | 0 | @a企业@x职工@x职业道德 |
| 690 | @aF272.921@v5 | |
| 701 | 0 | @a齐欣@9Qi Xin@4著 |
| 801 | 0 | @aCN@b上海新华@c20180901 |
| 905 | @b1041453-57@dF272.921@e1498@f5 | |
| 做好自己的本职工作=Do their own work/齐欣著.-北京:中国言实出版社,2015 |
| 238页;24cm |
| ISBN 978-7-5171-1223-5:CNY36.80 |
| 本书阐述了做好本职工作,就是从现在做起,从自己做起。主要内容包括:把职业当做事业、构建自己的职业使命、为工作而努力等。 |
| ● |
| 相关链接 |
|
|
|
|
正题名:做好自己的本职工作
索取号:F272.921/1498
 
预约/预借
| 序号 | 登录号 | 条形码 | 馆藏地/架位号 | 状态 | 备注 |
| 1 | 1041453 | 210414531 | 第一样本阅览室/ [索取号:F272.921/1498] | 在馆 | |
| 2 | 1041454 | 210414540 | 第一借阅区/ [索取号:F272.921/1498] | 在馆 | |
| 3 | 1041455 | 210414559 | 密集书库-海洋学院/ [索取号:F272.921/1498] | 在馆 | |
| 4 | 1041456 | 210414568 | 第一借阅区/ [索取号:F272.921/1498] | 在馆 | |
| 5 | 1041457 | 210414577 | 第一借阅区/ [索取号:F272.921/1498] | 在馆 |